000 00301nam a22001337a 4500
008 170615b xxu||||| |||| 00| 0 eng d
020 _a9780395961025
041 _aeng
080 _a32
100 _a20
101 _aSHP
245 _aPERSPECTIVES ON AMERICAN POLITICS
_cLASSER, W
942 _2udc
_cBK
999 _c17656
_d17656